L’infirmier référent en psychiatrie : le don du sens (notice n° 1739809)

détails MARC
000 -LEADER
fixed length control field 01286cam a2200217 4500500
005 - DATE AND TIME OF LATEST TRANSACTION
control field 20260322004355.0
041 ## - LANGUAGE CODE
Language code of text/sound track or separate title fre
042 ## - AUTHENTICATION CODE
Authentication code dc
100 10 - MAIN ENTRY--PERSONAL NAME
Personal name Schindelholz, Pascal
Relator term author
245 00 - TITLE STATEMENT
Title L’infirmier référent en psychiatrie : le don du sens
260 ## - PUBLICATION, DISTRIBUTION, ETC.
Date of publication, distribution, etc. 2015.<br/>
500 ## - GENERAL NOTE
General note 69
520 ## - SUMMARY, ETC.
Summary, etc. Issu de la psychothérapie Institutionnelle, le concept d’infirmier réfécent vise à faire du patient un co-acteur du soin. L’infirmier référent est un repère pour le malade aliéné par sa pathologie, et un interlocuteur pour la famille et l’encourage.
520 ## - SUMMARY, ETC.
Summary, etc. According to french psychoanalytic thérapeutic community mouvement called institutional psychotherapy, the concept of referent nurse aims to involve the patient in his care as a partner of his treatment. The réfèrent nurse acts as a landmark for the patient while he is alienated by his pathology. He is a interlocutor for the patient’s entourage and for his family.
690 ## - LOCAL SUBJECT ADDED ENTRY--TOPICAL TERM (OCLC, RLIN)
Topical term or geographic name as entry element Acteur du soin
690 ## - LOCAL SUBJECT ADDED ENTRY--TOPICAL TERM (OCLC, RLIN)
Topical term or geographic name as entry element Psychodithérapie institutionnelle
690 ## - LOCAL SUBJECT ADDED ENTRY--TOPICAL TERM (OCLC, RLIN)
Topical term or geographic name as entry element care actor
690 ## - LOCAL SUBJECT ADDED ENTRY--TOPICAL TERM (OCLC, RLIN)
Topical term or geographic name as entry element Institutional psychoterapy
786 0# - DATA SOURCE ENTRY
Note Psy Cause | 70 | 3 | 2015-01-22 | p. 39-40 | 1245-2394
856 41 - ELECTRONIC LOCATION AND ACCESS
Uniform Resource Identifier <a href="https://shs.cairn.info/revue-psy-cause-2015-3-page-39?lang=fr&redirect-ssocas=7080">https://shs.cairn.info/revue-psy-cause-2015-3-page-39?lang=fr&redirect-ssocas=7080</a>

Pas d'exemplaire disponible.

PLUDOC

PLUDOC est la plateforme unique et centralisée de gestion des bibliothèques physiques et numériques de Guinée administré par le CEDUST. Elle est la plus grande base de données de ressources documentaires pour les Étudiants, Enseignants chercheurs et Chercheurs de Guinée.

Adresse

627 919 101/664 919 101

25 boulevard du commerce
Kaloum, Conakry, Guinée

Réseaux sociaux

Powered by Netsen Group @ 2025